[Event "28.Alpenpokal"]
[Site "?"]
[Date "2002.??.??"]
[Round "3"]
[White "Woell, Josef"]
[Black "Schulz, Toni"]
[Result "0-1"]
[WhiteElo "1756"]
[BlackElo "1960"]
[Annotator "ChessOrg"]
[PlyCount "96"]

1. d4 Nf6 2. Bg5 g6 3. e3 Bg7 4. Bd3 d6 5. f4 Nbd7 6. Nf3 c5 7. c3 O-O 8. Nbd2
Qc7 9. O-O b6 10. Qe2 Bb7 11. f5 Rae8 12. Bxf6 Nxf6 13. fxg6 hxg6 14. e4 Nh5
15. Qe3 e5 16. d5 a6 17. c4 Qe7 18. Rae1 Bc8 19. a3 Nf4 20. g3 Nh5 21. Rf2 Nf6
22. Qg5 Ng4 23. Qxe7 Rxe7 24. Rfe2 Bh6 25. h3 Nf6 26. Kg2 Nh5 27. Nh4 Kg7 28.
Rf1 Rh8 29. Ndf3 Bf4 30. gxf4 Nxf4+ 31. Kg3 Nxd3 32. Rh2 f6 33. Rd1 Nf4 34. Ng1
Rh5 35. b4 Rc7 36. Rc1 cxb4 37. axb4 Nd3 38. Rc3 Nxb4 39. Rb2 a5 40. Ne2 f5 41.
exf5 gxf5 42. Ng2 Rg5+ 43. Kf2 Kf6 44. Rd2 Rcg7 45. Ng3 Ke7 46. Ne1 f4 47. Ne4
Rh5 48. Nd3 Bf5 0-1

[Event "28.Alpenpokal"]
[Site "?"]
[Date "2002.??.??"]
[Round "3"]
[White "Braunstein, Richard"]
[Black "Rueggeberg, Wilhelm"]
[Result "0-1"]
[WhiteElo "1566"]
[BlackElo "1847"]
[Annotator "ChessOrg"]
[PlyCount "68"]

1. e4 c5 2. Nf3 Nc6 3. d4 cxd4 4. Nxd4 Nf6 5. Nc3 e6 6. Be3 d6 7. Bd3 Be7 8.
O-O Ne5 9. f4 Nxd3 10. cxd3 O-O 11. Qf3 e5 12. fxe5 dxe5 13. Nf5 Bxf5 14. exf5
Qxd3 15. Rad1 Qc4 16. Qxb7 Bc5 17. Bxc5 Qxc5+ 18. Kh1 Rab8 19. Qf3 Rb4 20. Nd5
Rxb2 21. Nxf6+ gxf6 22. Rd5 Qb6 23. Rfd1 Rb1 24. Qa3 Rb8 25. Qd3 Rxd1+ 26. Qxd1
Qb1 27. h3 Qxf5 28. Rd8+ Rxd8 29. Qxd8+ Kg7 30. Qd1 Qe4 31. Qg4+ Qxg4 32. hxg4
Kg6 33. Kh2 Kg5 34. Kg3 f5 0-1

[Event "28.Alpenpokal"]
[Site "?"]
[Date "2002.??.??"]
[Round "3"]
[White "Zuri, Amin-Barin"]
[Black "Schenfeld, Waldemar"]
[Result "1-0"]
[WhiteElo "1844"]
[BlackElo "1429"]
[Annotator "ChessOrg"]
[PlyCount "85"]

1. e4 c5 2. Nf3 d6 3. d4 cxd4 4. Nxd4 Nf6 5. Nc3 a6 6. a4 Bg4 7. f3 Bd7 8. Be3
Nc6 9. Bc4 Rc8 10. Bb3 e6 11. Qd2 Be7 12. O-O Na5 13. Qf2 Nxb3 14. Nxb3 Bc6 15.
Rfd1 O-O 16. e5 Ne8 17. Bb6 Qd7 18. Nc5 dxc5 19. Rxd7 Bxd7 20. Ne4 c4 21. Rd1
Bxa4 22. Nd6 Nxd6 23. exd6 Bd8 24. Bc5 Rc6 25. d7 Bxc2 26. Rd2 Bd3 27. Bxf8
Kxf8 28. Qd4 b5 29. g3 f6 30. Kg2 Ke7 31. Qh4 Rd6 32. g4 Kxd7 33. Rd1 Rd5 34.
Qf2 Rd6 35. Qa7+ Bc7 36. Ra1 b4 37. Rxa6 Rd5 38. Rb6 Rd6 39. Rxb4 Kc6 40. Rb7
Rd7 41. Qa6+ Kc5 42. Rb5+ Kd4 43. Qa7+ 1-0

[Event "28.Alpenpokal"]
[Site "?"]
[Date "2002.??.??"]
[Round "3"]
[White "Herzog, Manfred"]
[Black "Fehres, Werner"]
[Result "0-1"]
[WhiteElo "1740"]
[BlackElo "2104"]
[Annotator "ChessOrg"]
[PlyCount "44"]

1. e4 Nc6 2. Nf3 e5 3. Bc4 d6 4. d4 Qe7 5. O-O exd4 6. Nxd4 Ne5 7. Bb3 Bg4 8.
f3 Be6 9. Nc3 Bxb3 10. axb3 c6 11. Be3 Qc7 12. f4 Nd7 13. Nf3 Ne7 14. Qd4 Nc8
15. e5 d5 16. Rae1 Bc5 17. Qd3 Bxe3+ 18. Rxe3 Nc5 19. Qf5 Ne7 20. Qg5 Ne6 21.
Qg4 h5 22. Qg3 Nf5 0-1

[Event "28.Alpenpokal"]
[Site "?"]
[Date "2002.??.??"]
[Round "3"]
[White "Zoefel, Peter"]
[Black "Schumacher, Ursula"]
[Result "1-0"]
[WhiteElo "2070"]
[BlackElo "1454"]
[Annotator "ChessOrg"]
[PlyCount "125"]

1. d4 c6 2. Nf3 d5 3. e3 Bg4 4. Nbd2 Nf6 5. Bd3 Nbd7 6. h3 Bh5 7. e4 dxe4 8.
Nxe4 Nd5 9. c3 h6 10. Ng3 Bxf3 11. Qxf3 e6 12. O-O Be7 13. Re1 O-O 14. Bc2 N7f6
15. Qd3 Bd6 16. Nh5 Re8 17. Nxf6+ Nxf6 18. Be3 e5 19. dxe5 Bxe5 20. Qf5 Qd7 21.
Qxd7 Nxd7 22. Rad1 Nf6 23. Bb3 b6 24. g3 Kf8 25. Kg2 Bc7 26. Rd3 Rad8 27. Rxd8
Rxd8 28. Ba4 c5 29. Bc6 Nd5 30. Bc1 Ne7 31. Bf3 Nd5 32. h4 Ne7 33. a3 a6 34.
Be2 a5 35. Bb5 Ng6 36. f4 Ne7 37. Kf3 Nf5 38. h5 Ne7 39. g4 f6 40. g5 fxg5 41.
fxg5 Nf5 42. Kg4 Nd6 43. Rf1+ Kg8 44. Bc6 Nf7 45. Bb5 Ne5+ 46. Kh3 hxg5 47.
Bxg5 Rf8 48. Bf4 Bb8 49. Bxe5 Rxf1 50. Bxb8 Rf2 51. a4 Rxb2 52. c4 Rb3+ 53. Kg4
Re3 54. Bc7 Re6 55. Kf5 Kf7 56. Be5 Rh6 57. Kg5 Re6 58. Bf4 Rh6 59. Ba6 Rc6 60.
Bb7 Rh6 61. Be4 Rf6 62. Be5 Rh6 63. Bg6+ 1-0

[Event "28.Alpenpokal"]
[Site "?"]
[Date "2002.??.??"]
[Round "3"]
[White "Tauscher, Max"]
[Black "Josting, Friedel"]
[Result "0-1"]
[WhiteElo "1675"]
[BlackElo "1862"]
[Annotator "ChessOrg"]
[PlyCount "70"]

1. e4 c5 2. Nf3 Nc6 3. d4 cxd4 4. Nxd4 e6 5. Be3 Nf6 6. Nc3 a6 7. a3 Be7 8. Bc4
Qc7 9. Ba2 O-O 10. O-O b5 11. f3 Bb7 12. Nce2 Rac8 13. Rc1 Na5 14. Bf2 d5 15.
exd5 Bxd5 16. Bxd5 Nxd5 17. c3 Nc4 18. Rc2 Nde3 19. Bxe3 Nxe3 20. Qc1 Nxc2 21.
Qxc2 Rfd8 22. Kh1 Bf6 23. Qe4 Qc4 24. Re1 e5 25. b3 Qd5 26. Qxd5 Rxd5 27. Nf5
Rcd8 28. Kg1 Rd2 29. c4 bxc4 30. bxc4 Rc8 31. Ne3 Kf8 32. a4 Bg5 33. Ng3 Bxe3+
34. Rxe3 Rxc4 35. h3 Rcc2 0-1

[Event "28.Alpenpokal"]
[Site "?"]
[Date "2002.??.??"]
[Round "3"]
[White "Drewitz, Friedel"]
[Black "Sakowski, Christian"]
[Result "1/2-1/2"]
[WhiteElo "1825"]
[BlackElo "1718"]
[Annotator "ChessOrg"]
[PlyCount "67"]

1. e4 c6 2. d4 d5 3. e5 Bf5 4. c3 e6 5. Ne2 c5 6. Ng3 Bxb1 7. Rxb1 cxd4 8. Qa4+
Nc6 9. cxd4 Bb4+ 10. Kd1 Nge7 11. a3 Ba5 12. Bd3 O-O 13. Be3 Bb6 14. Kd2 Qd7
15. Qb5 Rfd8 16. Ne2 g6 17. g4 Kg7 18. h4 h6 19. Qb3 Na5 20. Qa2 Rac8 21. b3 a6
22. Rbf1 Rh8 23. Kd1 Nac6 24. Qb2 h5 25. gxh5 Rxh5 26. Ng3 Rh7 27. h5 Nf5 28.
Nxf5+ exf5 29. hxg6 Rxh1 30. Rxh1 fxg6 31. f4 Rh8 32. Rxh8 Kxh8 33. Qf2 Qh7 34.
Kd2 1/2-1/2

[Event "28.Alpenpokal"]
[Site "?"]
[Date "2002.??.??"]
[Round "3"]
[White "Emde, Rainer"]
[Black "Girod, Gudrun"]
[Result "1-0"]
[WhiteElo "1800"]
[BlackElo "1366"]
[Annotator "ChessOrg"]
[PlyCount "79"]

1. d4 d5 2. Nf3 Nf6 3. e3 e6 4. c4 Be7 5. Nc3 Bd7 6. Ne5 O-O 7. cxd5 exd5 8.
Nxd7 Nbxd7 9. Be2 Bb4 10. O-O Bxc3 11. bxc3 c6 12. c4 Re8 13. Qb3 Qb6 14. Rd1
Qxb3 15. axb3 h6 16. Bd2 Ne4 17. Be1 Ndf6 18. Ra2 a6 19. Rc1 Rac8 20. Rac2 Rcd8
21. Bb4 g6 22. f3 Ng5 23. Kf2 Kg7 24. Bd3 h5 25. Re2 Rc8 26. Bc3 Ngh7 27. Rce1
Re6 28. e4 Rce8 29. e5 Nd7 30. f4 f6 31. exf6+ Kxf6 32. Rxe6+ Rxe6 33. Rxe6+
Kxe6 34. Bxg6 Nhf6 35. Kf3 Nf8 36. Bd3 N8h7 37. g3 Nf8 38. h3 N8d7 39. g4 hxg4+
40. hxg4 1-0

[Event "28.Alpenpokal"]
[Site "?"]
[Date "2002.??.??"]
[Round "3"]
[White "Moerger, Karl-Heinz"]
[Black "Schweiger, Thomas"]
[Result "1-0"]
[WhiteElo "1782"]
[BlackElo "1300"]
[Annotator "ChessOrg"]
[PlyCount "77"]

1. e4 g6 2. d4 Bg7 3. Nf3 d6 4. Nc3 Nf6 5. Bc4 O-O 6. O-O Bg4 7. Be3 Re8 8. h3
Bxf3 9. Qxf3 c6 10. a4 Nbd7 11. Rfd1 Qc7 12. a5 b6 13. a6 b5 14. Bb3 Rab8 15.
Ne2 e5 16. Ng3 c5 17. dxc5 dxc5 18. Bd5 Rbd8 19. c4 b4 20. b3 Nb6 21. Ra5 Nbd7
22. Rb5 Rb8 23. Bb7 Nh5 24. Nxh5 gxh5 25. Bd5 Nf6 26. Rxc5 Qe7 27. Rc6 Nxd5 28.
Rxd5 f6 29. Bc5 Qf7 30. Rcd6 Qg6 31. Bxa7 Rbc8 32. Bb6 Qf7 33. Rd7 Re7 34. Qd3
h6 35. Rxe7 Qxe7 36. Rd7 Qe6 37. Rd8+ Rxd8 38. Qxd8+ Kh7 39. a7 1-0

[Event "28.Alpenpokal"]
[Site "?"]
[Date "2002.??.??"]
[Round "3"]
[White "Winter, Rudolf"]
[Black "Struwecker, Sigurd"]
[Result "1-0"]
[WhiteElo "1640"]
[BlackElo "1750"]
[Annotator "ChessOrg"]
[PlyCount "37"]

1. d4 Nf6 2. Nf3 e6 3. e3 d5 4. Bd3 c5 5. b3 cxd4 6. exd4 Nc6 7. c3 a6 8. Nbd2
b5 9. O-O Be7 10. Bb2 Bb7 11. Rc1 Rc8 12. Re1 O-O 13. Qe2 h6 14. Bb1 Na5 15.
Ne5 Re8 16. Ndf3 Nd7 17. Nxf7 Kxf7 18. Qxe6+ Kf8 19. Bg6 1-0

[Event "28.Alpenpokal"]
[Site "?"]
[Date "2002.??.??"]
[Round "3"]
[White "Kahler, Kurt"]
[Black "Dittler, Volkfried"]
[Result "1-0"]
[WhiteElo "1745"]
[BlackElo "1623"]
[Annotator "ChessOrg"]
[PlyCount "31"]

1. e4 e5 2. f4 b6 3. Nf3 exf4 4. d4 g5 5. h4 Be7 6. hxg5 Bxg5 7. Rh5 f6 8. Nc3
Bb7 9. g3 fxg3 10. Nxg5 fxg5 11. Bxg5 Ne7 12. Rh6 d6 13. Qh5+ Kd7 14. Bh3+ Kc6
15. d5+ Kc5 16. Be3+ 1-0

[Event "28.Alpenpokal"]
[Site "?"]
[Date "2002.??.??"]
[Round "3"]
[White "Kaiser, Hans"]
[Black "Thonig, Manfred"]
[Result "0-1"]
[WhiteElo "1679"]
[BlackElo "1551"]
[Annotator "ChessOrg"]
[PlyCount "132"]

1. e4 e5 2. Nf3 Nc6 3. d4 exd4 4. Nxd4 Nxd4 5. Qxd4 c5 6. Qd1 d6 7. Nc3 a6 8.
a4 Be6 9. Be2 g6 10. O-O Bg7 11. Nd5 h5 12. f4 Ne7 13. c4 Nc6 14. f5 Bxd5 15.
exd5 Bd4+ 16. Kh1 Ne5 17. fxg6 fxg6 18. Qe1 b6 19. Bd3 Qe7 20. Qg3 Kd7 21. Bg5
Qh7 22. Rf6 Nf7 23. Bxg6 Bxf6 24. Bxh7 Nxg5 25. Bf5+ Kc7 26. h4 Ne4 27. Bxe4
Rag8 28. Qb3 Rg4 29. Bf3 Rxh4+ 30. Kg1 Bd4+ 31. Kf1 Rh1+ 32. Ke2 Re8+ 33. Kd2
Rxa1 34. Bxh5 Rf8 35. Bf3 Rb1 36. Qd3 Rxb2+ 37. Kc1 Rh8 38. Qxd4 cxd4 39. Kxb2
Re8 40. Kc2 Re3 41. Kd2 a5 42. Be2 Kd7 43. Bg4+ Ke7 44. Bd1 Kf6 45. Bc2 Ke5 46.
g4 Kf4 47. Bf5 Ra3 48. Bd7 Ke5 49. Ke2 Kf4 50. Kd2 Rc3 51. Ke2 Rxc4 52. Kd3 Rc7
53. Be6 Ke5 54. Bf5 Rc3+ 55. Kd2 Kxd5 56. g5 Ke5 57. Bd3 d5 58. g6 Kf6 59. Ke2
Ra3 60. Bc2 d3+ 61. Bxd3 Rxa4 62. Kd2 Rb4 63. Kc3 d4+ 64. Kc2 b5 65. Be4 a4 66.
Kd3 a3 0-1

[Event "28.Alpenpokal"]
[Site "?"]
[Date "2002.??.??"]
[Round "3"]
[White "Otto, Matthias"]
[Black "Pillath, Marcus"]
[Result "1-0"]
[WhiteElo "1660"]
[BlackElo "1413"]
[Annotator "ChessOrg"]
[PlyCount "91"]

1. e4 c6 2. d3 d5 3. Nd2 dxe4 4. Nxe4 Bf5 5. Bd2 e6 6. Nf3 Nd7 7. g3 Ngf6 8.
Nxf6+ Nxf6 9. Bg2 Bd6 10. O-O O-O 11. Nh4 Bg4 12. Nf3 Rc8 13. h3 Bh5 14. a4 h6
15. Qc1 Qc7 16. c4 c5 17. Bc3 Be7 18. Be5 Qd7 19. Qe3 Bg6 20. Rfd1 b6 21. b3
Rfd8 22. Ra2 a5 23. Rad2 Qe8 24. Nh2 Nd7 25. Bb2 Bf6 26. Ng4 Bxb2 27. Rxb2 Qe7
28. Rbd2 Nf6 29. Ne5 Rd6 30. Nxg6 fxg6 31. d4 cxd4 32. Rxd4 Rxd4 33. Rxd4 Kf7
34. Qd3 e5 35. Rd6 Qc7 36. Bd5+ Kf8 37. Qxg6 Nxd5 38. cxd5 Qc1+ 39. Kg2 Qg5 40.
Qxg5 hxg5 41. Rxb6 e4 42. Rb5 Rc2 43. Kf1 Rc1+ 44. Ke2 Rc2+ 45. Ke3 Rc1 46.
Kxe4 1-0

[Event "28.Alpenpokal"]
[Site "?"]
[Date "2002.??.??"]
[Round "3"]
[White "Aufmwasser, Guenter"]
[Black "Czech, Gerhard"]
[Result "1/2-1/2"]
[WhiteElo "1616"]
[BlackElo "1658"]
[Annotator "ChessOrg"]
[PlyCount "97"]

1. f4 b6 2. Nf3 Bb7 3. e3 e6 4. b3 Nf6 5. Bb2 Be7 6. Bd3 d6 7. O-O Nc6 8. Nc3
h6 9. a3 O-O 10. h3 d5 11. Qe1 d4 12. Nd1 dxe3 13. Nxe3 Nd5 14. Qg3 Bf6 15. Ne5
Nxe3 16. dxe3 Ne7 17. Rad1 c5 18. Bh7+ Kxh7 19. Rxd8 Raxd8 20. Qf2 Rd6 21. Nd3
Bxb2 22. Nxb2 Rfd8 23. Nc4 Rd5 24. e4 Rd4 25. e5 R8d5 26. g4 Ng6 27. Qe3 Kg8
28. f5 exf5 29. gxf5 Ne7 30. f6 Ng6 31. fxg7 Kxg7 32. Nd6 Rxe5 33. Rxf7+ Kg8
34. Qxh6 Rd1+ 35. Rf1 Rxd6 36. Rf8+ Nxf8 37. Qxd6 Rg5+ 38. Kf2 Rg6 39. Qb8 Be4
40. c3 Rg7 41. b4 cxb4 42. cxb4 Rf7+ 43. Ke3 Bf5 44. Kd2 Rd7+ 45. Kc1 Rg7 46.
h4 Rg1+ 47. Kd2 Rg2+ 48. Ke3 Rg7 49. Qd8 1/2-1/2

[Event "28.Alpenpokal"]
[Site "?"]
[Date "2002.??.??"]
[Round "3"]
[White "Meyer, Thomas"]
[Black "Weissenfels, Gerd"]
[Result "1-0"]
[WhiteElo "1649"]
[BlackElo "1300"]
[Annotator "ChessOrg"]
[PlyCount "49"]

1. d4 d5 2. c4 e6 3. Nc3 Nf6 4. Bg5 Be7 5. e3 Nc6 6. Nf3 Bd7 7. Bd3 h6 8. Bh4
g5 9. Bg3 Nh5 10. Be5 f6 11. Bg6+ Kf8 12. Bxh5 fxe5 13. cxd5 exd5 14. Nxd5 Bf5
15. Nxe7 Qxe7 16. O-O Kg7 17. dxe5 Rad8 18. Qb3 b6 19. Rfd1 Nxe5 20. Nxe5 Rxd1+
21. Rxd1 Be6 22. Qc2 Kf6 23. Qc3 Rd8 24. Rxd8 Qxd8 25. Nc6+ 1-0

[Event "28.Alpenpokal"]
[Site "?"]
[Date "2002.??.??"]
[Round "4"]
[White "Rodemann, Edmund"]
[Black "Feller, Joseph"]
[Result "0-1"]
[WhiteElo "2064"]
[BlackElo "2209"]
[Annotator "ChessOrg"]
[PlyCount "61"]

1. e4 c5 2. c3 Nf6 3. e5 Nd5 4. d4 cxd4 5. Nf3 e6 6. cxd4 b6 7. Bd3 Ba6 8. O-O
Bxd3 9. Qxd3 Nc6 10. a3 Be7 11. Bd2 O-O 12. Nc3 Nxc3 13. Bxc3 d6 14. Rad1 d5
15. Rfe1 Qd7 16. Bd2 Rfc8 17. Rc1 b5 18. h3 a6 19. Ra1 Na7 20. Rec1 Rc4 21. b3
Rxc1+ 22. Bxc1 Rc8 23. Bd2 Qc7 24. Rc1 Qb7 25. Rxc8+ Qxc8 26. a4 Qc6 27. Qc3
Qxc3 28. Bxc3 b4 29. Bb2 Nc6 30. Nd2 Bg5 31. Bc1 0-1

[Event "28.Alpenpokal"]
[Site "?"]
[Date "2002.??.??"]
[Round "4"]
[White "Perk, Egbert"]
[Black "Schumacher, Gottfried"]
[Result "0-1"]
[WhiteElo "2063"]
[BlackElo "2186"]
[Annotator "ChessOrg"]
[PlyCount "92"]

1. d4 Nf6 2. c4 e6 3. Nf3 b6 4. g3 Bb7 5. Bg2 d5 6. cxd5 Bxd5 7. O-O Be7 8. Nc3
Bb7 9. Bg5 O-O 10. Re1 Na6 11. e4 c5 12. Bxf6 Bxf6 13. e5 Be7 14. Ne4 Rc8 15.
a3 Rc7 16. Qa4 Qa8 17. Nfd2 Rd8 18. Bf1 Rxd4 19. Qc2 Rcd7 20. Bb5 Rd8 21. Re3
Nc7 22. Bf1 R8d7 23. Rae1 Bc6 24. Nf3 Ra4 25. Neg5 g6 26. h4 Qd8 27. Ne4 Nd5
28. R3e2 Bf8 29. Nfg5 Bg7 30. f4 Ne7 31. Nxf7 Kxf7 32. Ng5+ Kg8 33. Nxe6 Qc8
34. Bh3 Nf5 35. Bxf5 gxf5 36. Qxf5 Rf7 37. Qh3 Bd7 38. f5 Bxe6 39. fxe6 Re7 40.
Rd2 Rd4 41. Rxd4 cxd4 42. Qg4 Qc5 43. Qg5 h6 44. Qf4 Rxe6 45. Rc1 Qxe5 46. Rc8+
Kh7 0-1

[Event "28.Alpenpokal"]
[Site "?"]
[Date "2002.??.??"]
[Round "4"]
[White "Kleifges, Matthias"]
[Black "Bierwisch, Bernhard"]
[Result "1/2-1/2"]
[WhiteElo "2067"]
[BlackElo "2167"]
[Annotator "ChessOrg"]
[PlyCount "120"]

1. e4 c5 2. c3 d6 3. d4 Nd7 4. Nf3 Qc7 5. Be3 Ngf6 6. Nbd2 e6 7. Bd3 Be7 8. O-O
O-O 9. Re1 b6 10. Nc4 e5 11. d5 Kh8 12. Bg5 Ng8 13. Ne3 g6 14. Bxe7 Nxe7 15. g4
Nf6 16. h3 Neg8 17. Kg2 Qe7 18. Nh2 Ne8 19. Qf3 Ng7 20. Nhf1 f5 21. exf5 gxf5
22. gxf5 Nxf5 23. Nxf5 Bxf5 24. Bxf5 Qg5+ 25. Ng3 Nh6 26. h4 Nxf5 27. Qxf5 Qxf5
28. Nxf5 Rxf5 29. Re3 Raf8 30. f3 Rf4 31. Rh1 h5 32. Rh3 b5 33. b3 a5 34. Re1
a4 35. Rg3 axb3 36. axb3 Rxh4 37. Rg6 Rg8 38. Kg3 Rxg6+ 39. Kxh4 Rf6 40. Kxh5
Rxf3 41. Kg6 Kg8 42. Ra1 Kf8 43. b4 cxb4 44. cxb4 Rf4 45. Ra5 Rxb4 46. Kf6 Kg8
47. Ra8+ Kh7 48. Ke6 Ra4 49. Rb8 Ra6 50. Kf6 Ra5 51. Rb6 b4 52. Ke6 Kg6 53.
Rxb4 Kg5 54. Kxd6 Kf5 55. Kc6 Ra1 56. d6 Ke6 57. Kc5 Rc1+ 58. Rc4 Rd1 59. Rh4
Rd5+ 60. Kc4 Rd4+ 1/2-1/2

[Event "28.Alpenpokal"]
[Site "?"]
[Date "2002.??.??"]
[Round "4"]
[White "Reinke, Kurt"]
[Black "Felten, Joachim"]
[Result "1/2-1/2"]
[WhiteElo "1863"]
[BlackElo "2099"]
[Annotator "ChessOrg"]
[PlyCount "70"]

1. d4 d5 2. c4 e6 3. Nc3 Nf6 4. Nf3 Nbd7 5. Bg5 Bb4 6. a3 Bxc3+ 7. bxc3 c5 8.
cxd5 exd5 9. g3 Qa5 10. Bd2 c4 11. Bg2 O-O 12. O-O Re8 13. e3 Ne4 14. Qc1 Nb6
15. Ne5 f6 16. Nf3 Na4 17. Be1 g5 18. Kh1 Bf5 19. Rb1 Re7 20. Rb4 Rd8 21. Ng1
Nd6 22. Bd2 Bd3 23. Re1 Ne4 24. Bxe4 Bxe4+ 25. f3 Bf5 26. e4 Bg6 27. e5 h6 28.
Nh3 fxe5 29. Nxg5 Rde8 30. Nh3 exd4 31. Rxe7 Rxe7 32. Bxh6 Nxc3 33. Qg5 Re1+
34. Ng1 Qa6 35. Qd8+ Be8 1/2-1/2

[Event "28.Alpenpokal"]
[Site "?"]
[Date "2002.??.??"]
[Round "4"]
[White "Watson, Ron"]
[Black "Schulz, Toni"]
[Result "0-1"]
[WhiteElo "2200"]
[BlackElo "1950"]
[Annotator "ChessOrg"]
[PlyCount "78"]

1. d4 Nf6 2. Nc3 d5 3. Bg5 Nbd7 4. f3 c6 5. e4 dxe4 6. fxe4 e5 7. dxe5 Qa5 8.
Bd2 Qxe5 9. Nf3 Qc7 10. Bc4 Bd6 11. Qe2 O-O 12. O-O-O Ne5 13. Bb3 b5 14. Bg5 a5
15. a4 bxa4 16. Nxa4 Ba6 17. c4 Nfd7 18. Nd4 Rfe8 19. Rhf1 Rab8 20. Kc2 Rb4 21.
Bf4 Bxc4 22. Bxc4 Rxc4+ 23. Nc3 Rb4 24. Nf5 Bf8 25. Kb1 Qb7 26. Bc1 Nc5 27. Ne3
Nb3 28. Qc2 Rb8 29. Rf2 g6 30. Na2 Ra4 31. Nf1 Qb5 32. Qe2 Rxa2 33. Kxa2 Qa4+
34. Kb1 Qa1+ 35. Kc2 Nxc1 36. Rxc1 Rxb2+ 37. Kd1 Qa4+ 38. Rc2 Rb1+ 39. Kd2 Qd4+
0-1

[Event "28.Alpenpokal"]
[Site "?"]
[Date "2002.??.??"]
[Round "4"]
[White "Rueggeberg, Wilhelm"]
[Black "Fischer, Ernst"]
[Result "1/2-1/2"]
[WhiteElo "1847"]
[BlackElo "2197"]
[Annotator "ChessOrg"]
[PlyCount "44"]

1. d4 d5 2. Nf3 Nc6 3. e3 Bg4 4. c4 e5 5. dxe5 d4 6. Be2 Bb4+ 7. Kf1 d3 8. Qxd3
Qxd3 9. Bxd3 O-O-O 10. Be2 Bxf3 11. gxf3 Nxe5 12. a3 Be7 13. Bd2 Nf6 14. Bc3
Nd3 15. b4 Nc1 16. Nd2 Nxe2 17. Kxe2 Rhe8 18. Rhg1 g6 19. Ne4 Nh5 20. Rad1 f5
21. Rxd8+ Bxd8 22. Nc5 b6 1/2-1/2

[Event "28.Alpenpokal"]
[Site "?"]
[Date "2002.??.??"]
[Round "4"]
[White "Graf, Joachim"]
[Black "Mueller, Helmut"]
[Result "1/2-1/2"]
[WhiteElo "2171"]
[BlackElo "1870"]
[Annotator "ChessOrg"]
[PlyCount "42"]

1. d4 Nf6 2. Nf3 g6 3. c4 Bg7 4. Nc3 d5 5. cxd5 Nxd5 6. e4 Nxc3 7. bxc3 c5 8.
Be3 O-O 9. Rc1 cxd4 10. cxd4 Bg4 11. Qd2 Bxf3 12. gxf3 e6 13. Bb5 a6 14. Ba4 b5
15. Bb3 Nd7 16. h4 h5 17. Bg5 Bf6 18. f4 a5 19. d5 a4 20. Bd1 Bxg5 21. fxg5 Ne5
1/2-1/2

[Event "28.Alpenpokal"]
[Site "?"]
[Date "2002.??.??"]
[Round "4"]
[White "Wunderer, Eckart"]
[Black "Heissenbuettel, Hans-Erich"]
[Result "1-0"]
[WhiteElo "2151"]
[BlackElo "1923"]
[Annotator "ChessOrg"]
[PlyCount "49"]

1. d4 d6 2. e4 e5 3. Nc3 exd4 4. Qxd4 Nc6 5. Qe3 g6 6. Bd2 Bg7 7. O-O-O Be6 8.
f4 Nge7 9. Nf3 f6 10. h3 h5 11. Bb5 a6 12. Ba4 Qd7 13. Nd4 Bf7 14. Nd5 b5 15.
Bb3 Kf8 16. Bc3 Nxd4 17. Bxd4 Bxd5 18. exd5 Nf5 19. Qf2 Nxd4 20. Qxd4 Kf7 21.
Rde1 f5 22. Qf2 Bf6 23. Re6 a5 24. a3 Ra6 25. Rxf6+ 1-0

[Event "28.Alpenpokal"]
[Site "?"]
[Date "2002.??.??"]
[Round "4"]
[White "Reinkoester, Michael"]
[Black "Maugg, Ludwig"]
[Result "1/2-1/2"]
[WhiteElo "1786"]
[BlackElo "2141"]
[Annotator "ChessOrg"]
[PlyCount "85"]

1. e4 c5 2. Nf3 Nc6 3. d4 cxd4 4. Nxd4 Nf6 5. Nc3 e5 6. Ndb5 d6 7. Bg5 a6 8.
Na3 b5 9. Nd5 Be7 10. Bxf6 Bxf6 11. Be2 Bg5 12. Bg4 Be6 13. c3 Rb8 14. Nc2 Qd7
15. Bxe6 fxe6 16. Qh5+ g6 17. Qxg5 exd5 18. exd5 Ne7 19. Rd1 O-O 20. O-O Rf5
21. Qg4 Qb7 22. Ne3 Rf6 23. Rd3 Rbf8 24. Qg5 Rf4 25. h4 Nf5 26. Ng4 Qg7 27. Ne3
Nxh4 28. Ng4 Nf5 29. Rh3 h5 30. Nh2 Ne7 31. Rd3 Qf7 32. Qg3 Kg7 33. f3 Ra4 34.
a3 Nxd5 35. Qe1 Rd8 36. Qd2 Nb6 37. b3 Qxb3 38. Rxd6 Nc4 39. Rd7+ Rxd7 40.
Qxd7+ Kh6 41. g4 Qxc3 42. g5+ Kxg5 43. Qe7+ 1/2-1/2

[Event "28.Alpenpokal"]
[Site "?"]
[Date "2002.??.??"]
[Round "4"]
[White "Weber, Gerhard"]
[Black "Macher, Claus"]
[Result "0-1"]
[WhiteElo "2136"]
[BlackElo "1903"]
[Annotator "ChessOrg"]
[PlyCount "54"]

1. e4 c5 2. Nf3 Nc6 3. d4 cxd4 4. Nxd4 e6 5. Be3 Nf6 6. Nd2 d5 7. Nxc6 bxc6 8.
exd5 cxd5 9. Nf3 Be7 10. Bd3 O-O 11. O-O Nd7 12. c4 Bb7 13. cxd5 Bxd5 14. Bd4
Bf6 15. Bxf6 Qxf6 16. Qe2 Bxf3 17. gxf3 Rac8 18. Kh1 Rc5 19. Rg1 Rfc8 20. Rad1
Ne5 21. Be4 Ng6 22. Bxg6 hxg6 23. Rg3 Rc2 24. Qe3 Qxb2 25. Qxa7 Rxf2 26. Rh3
Qe2 27. Qd4 Rf1+ 0-1

[Event "28.Alpenpokal"]
[Site "?"]
[Date "2002.??.??"]
[Round "4"]
[White "Boeven, Manfred"]
[Black "Zuri, Rahim"]
[Result "0-1"]
[WhiteElo "2126"]
[BlackElo "1854"]
[Annotator "ChessOrg"]
[PlyCount "92"]

1. d4 e6 2. Nc3 d6 3. e4 c6 4. Nf3 Nf6 5. Bd3 Be7 6. O-O b6 7. Qe2 Bb7 8. Rd1
O-O 9. e5 Nd5 10. Nxd5 cxd5 11. Bf4 Nc6 12. c3 Rc8 13. Re1 Re8 14. exd6 Bxd6
15. Bxh7+ Kxh7 16. Ng5+ Kg6 17. Qd3+ Kf6 18. Nh7+ Ke7 19. Bg5+ f6 20. Nxf6
Bxh2+ 21. Kxh2 gxf6 22. Qh7+ Kd6 23. Bf4+ e5 24. dxe5+ fxe5 25. Qg6+ Re6 26.
Qg4 Qh8+ 27. Kg1 Rg8 28. Bg5 Rh6 29. f4 e4 30. Rad1 Nd8 31. Rxe4 Rh1+ 32. Kf2
Rxd1 33. Qxd1 Ne6 34. Qd2 Nxg5 35. fxg5 Rxg5 36. Qf4+ Re5 37. Re3 Qg7 38. a4
Ke6 39. Kg1 Rxe3 40. Qxe3+ Kf7 41. a5 Qf6 42. axb6 Qxb6 43. Kf2 Kf6 44. b4
Qxe3+ 45. Kxe3 Ke5 46. b5 Bc8 0-1

[Event "28.Alpenpokal"]
[Site "?"]
[Date "2002.??.??"]
[Round "4"]
[White "Walther, Diethelm"]
[Black "Zuri, Amin-Barin"]
[Result "0-1"]
[WhiteElo "2101"]
[BlackElo "1844"]
[Annotator "ChessOrg"]
[PlyCount "90"]

1. d4 Nf6 2. Bg5 Ne4 3. Bh4 d5 4. f3 Nd6 5. Nc3 Nc4 6. Qd3 c6 7. b3 Nb6 8. e4
g6 9. Nge2 Bg7 10. a4 a5 11. Rd1 O-O 12. Bf2 Na6 13. Be3 Nb4 14. Qd2 Re8 15.
Nb1 Nd7 16. c3 Na6 17. Ng3 b6 18. Bd3 e5 19. O-O Nc7 20. Qf2 Ne6 21. Ne2 Bb7
22. exd5 cxd5 23. dxe5 Nec5 24. f4 Qe7 25. Bb5 Nxb3 26. Bxb6 Rec8 27. Bd4 Ndc5
28. Ng3 Nxd4 29. cxd4 Ne4 30. Nxe4 dxe4 31. f5 Bh6 32. f6 Qe6 33. Qh4 Bf8 34.
Qf4 Rc2 35. Qe3 Qg4 36. Nd2 Rac8 37. Be2 Qh4 38. g3 Bh6 39. Qf2 e3 40. Qe1 exd2
41. gxh4 dxe1=Q 42. Rfxe1 Bd5 43. Bf1 Bf4 44. Bh3 Bxh2+ 45. Kf1 Bc4+ 0-1

[Event "28.Alpenpokal"]
[Site "?"]
[Date "2002.??.??"]
[Round "4"]
[White "Martino-Gross, Peter"]
[Black "Varain, Ernst-Helmut"]
[Result "0-1"]
[WhiteElo "1963"]
[BlackElo "2077"]
[Annotator "ChessOrg"]
[PlyCount "96"]

1. c4 Nf6 2. Nf3 g6 3. Nc3 d5 4. cxd5 Nxd5 5. g3 Bg7 6. Bg2 Nb6 7. O-O O-O 8.
d3 Nc6 9. Bd2 e5 10. a3 Nd4 11. Rc1 c6 12. Ne4 Nd5 13. e3 Ne6 14. Qc2 Qe7 15.
Rfd1 Rd8 16. h3 a5 17. Kh2 Bd7 18. Nc5 Nxc5 19. Qxc5 Qxc5 20. Rxc5 b6 21. Rcc1
c5 22. b3 Bb5 23. Be1 Rab8 24. d4 cxd4 25. exd4 Be2 26. Nxe5 Bxd1 27. Rxd1 Ne7
28. Nf3 Rbc8 29. b4 axb4 30. Bxb4 Nc6 31. d5 Nxb4 32. axb4 Rc2 33. Kg1 Rb2 34.
Nd4 Bxd4 35. Rxd4 Rd6 36. Bf1 Kf8 37. Bb5 Rc2 38. Kf1 Ke7 39. Bc6 f5 40. b5 Rf6
41. Ra4 Kd6 42. Ra7 f4 43. g4 h6 44. h4 g5 45. hxg5 hxg5 46. Rg7 f3 47. Kg1 Rh6
48. Rd7+ Kc5 0-1

[Event "28.Alpenpokal"]
[Site "?"]
[Date "2002.??.??"]
[Round "4"]
[White "Wahl, Frithjof"]
[Black "Korhonen, Erkki"]
[Result "1-0"]
[WhiteElo "2008"]
[BlackElo "1800"]
[Annotator "ChessOrg"]
[PlyCount "81"]

1. e4 c5 2. Nc3 Nc6 3. g3 g6 4. Bg2 Bg7 5. d3 d6 6. f4 Nf6 7. Nf3 O-O 8. O-O
Rb8 9. h3 b6 10. Kh2 Bb7 11. Bd2 e6 12. Rb1 Nd7 13. Nb5 Qe7 14. c4 a6 15. Nc3
b5 16. cxb5 axb5 17. Nxb5 Ba6 18. a4 Bxb5 19. axb5 Rxb5 20. Bc3 Nd4 21. Bxd4
cxd4 22. Nxd4 Bxd4 23. Qa4 Rxb2 24. Qxd4 Rxb1 25. Rxb1 Rd8 26. Qa7 Qf6 27. d4
e5 28. fxe5 dxe5 29. d5 Qd6 30. Rb7 f5 31. Rc7 Kf8 32. Rc6 Qb8 33. Qa3+ Kf7 34.
exf5 gxf5 35. Qf3 f4 36. gxf4 exf4 37. Qh5+ Kg7 38. d6 Nf8 39. Qe5+ Kh6 40.
Qxf4+ Kg7 41. Rc7+ 1-0